000 00425nam a22001457a 4500
999 _c7633
_d7631
005 20210316144606.0
008 210316b ||||| |||| 00| 0 eng d
082 _a346.066
100 _aAIYAR, A.N.
_96466
245 _aREPOERTS OF COMPANY CASES INCLUDING CASES ON BANKING AND INSURENCE [VOL-117]
260 _aCHENNAI
_bCOMPANY LAW INSTITUTE OF INDIA
_c2003
300 _a800; i-xxxii,p
650 _aLAW
_95701
942 _cJRL